[Event "CZE-chT U20 final-A 1011"]
[Site "Czech Republic"]
[Date "2011.04.17"]
[Round "11.3"]
[White "Langnerova, Karolina"]
[Black "Paukert, Jindrich"]
[Result "1-0"]
[WhiteElo "1884"]
[BlackElo "1969"]
[PlyCount "67"]
[EventDate "2010.10.02"]
[EventType "team-tourn"]
[EventRounds "11"]
[EventCountry "CZE"]
[SourceTitle "EXT 2012"]
[Source "ChessBase"]
[SourceDate "2011.11.24"]
[SourceVersion "1"]
[SourceVersionDate "2011.11.24"]
[SourceQuality "1"]
[WhiteTeam "Havirov (U20)"]
[BlackTeam "Kladno (U20)"]
[WhiteTeamCountry "CZE"]
[BlackTeamCountry "CZE"]

1. e4 e5 2. Nf3 Nc6 3. Bb5 a6 4. Ba4 Nf6 5. 0-0 b5 6. Bb3 Be7 7. Re1 d6 8. c3 0-0 9. h3 Re8 10. d4 h6 11. Nbd2 Bf8 12. Nf1 Na5 13. Bc2 Bb7 14. dxe5 dxe5 15. Qe2 c5 16. Ng3 Qe7 17. Nh4 Nc6 18. Nhf5 Qc7 19. Qf3 Ne7 20. Nxh6+ gxh6 21. Qxf6 Ng6 22. Qf3 Bc8 23. Nf5 Qc6 24. Nxh6+ Bxh6 25. Bxh6 Kh7 26. Bg5 Ra7 27. Rad1 Kg7 28. Rd5 c4 29. Qd1 Re6 30. Qh5 Rd7 31. Bd1 Re8 32. Be3 f5 33. Rc5 Qf6 34. exf5 1-0

[Event "CZE-chT U20 final-A 1011"]
[Site "Czech Republic"]
[Date "2011.04.16"]
[Round "9.3"]
[White "Langnerova, Karolina"]
[Black "Pulpan, Jakub"]
[Result "0-1"]
[WhiteElo "1884"]
[BlackElo "1978"]
[PlyCount "120"]
[EventDate "2010.10.02"]
[EventType "team-tourn"]
[EventRounds "11"]
[EventCountry "CZE"]
[SourceTitle "EXT 2012"]
[Source "ChessBase"]
[SourceDate "2011.11.24"]
[SourceVersion "1"]
[SourceVersionDate "2011.11.24"]
[SourceQuality "1"]
[WhiteTeam "Havirov (U20)"]
[BlackTeam "Polabiny (U20)"]
[WhiteTeamCountry "CZE"]
[BlackTeamCountry "CZE"]

1. e4 c5 2. Nf3 e6 3. d4 cxd4 4. Nxd4 a6 5. Nc3 Qc7 6. Bd3 Nf6 7. 0-0 Be7 8. Qe2 d6 9. Kh1 Nc6 10. Nxc6 bxc6 11. f4 d5 12. e5 Nd7 13. Qg4 g6 14. b3 f5 15. exf6 Nxf6 16. Qf3 0-0 17. Bd2 e5 18. fxe5 Ne4 19. Qe2 Nxd2 20. Qxd2 Qxe5 21. Ne2 Bf5 22. Bxf5 Rxf5 23. Nd4 Bd6 24. Nf3 Qf6 25. Rae1 Rf8 26. Qe2 g5 27. Qe6+ Kg7 28. h3 g4 29. Qxf6+ R5xf6 30. Nh2 gxh3 31. gxh3 Bxh2 32. Rxf6 Rxf6 33. Kxh2 Rf2+ 34. Kg3 Rxc2 35. Re7+ Kg8 36. Rc7 c5 37. Kf4 d4 38. Ke4 Re2+ 39. Kd3 Re3+ 40. Kc2 Rc3+ 41. Kb2 h5 42. Ra7 Rxh3 43. Rxa6 h4 44. Rh6 Rh2+ 45. Kc1 h3 46. a4 Kg7 47. Rh4 Kg6 48. a5 Kg5 49. Rh8 Kg4 50. Kb1 Re2 51. a6 Re7 52. Rg8+ Kf3 53. Rh8 Kg2 54. Rg8+ Kh1 55. Kc2 h2 56. Kd3 Re3+ 57. Kc2 Re2+ 58. Kb1 Rg2 59. Rb8 Kg1 60. a7 h1Q 0-1

[Event "CZE-chT U20 final-A 1011"]
[Site "Czech Republic"]
[Date "2011.04.15"]
[Round "8.3"]
[White "Hrdina, Robin"]
[Black "Langnerova, Karolina"]
[Result "0-1"]
[WhiteElo "1909"]
[BlackElo "1884"]
[PlyCount "70"]
[EventDate "2010.10.02"]
[EventType "team-tourn"]
[EventRounds "11"]
[EventCountry "CZE"]
[SourceTitle "EXT 2012"]
[Source "ChessBase"]
[SourceDate "2011.11.24"]
[SourceVersion "1"]
[SourceVersionDate "2011.11.24"]
[SourceQuality "1"]
[WhiteTeam "Vlasim (U20)"]
[BlackTeam "Havirov (U20)"]
[WhiteTeamCountry "CZE"]
[BlackTeamCountry "CZE"]

1. e4 c5 2. Nf3 Nc6 3. Bb5 e6 4. 0-0 Nge7 5. Re1 Ng6 6. b3 Be7 7. Bb2 0-0 8. Bxc6 bxc6 9. d3 Qc7 10. Nbd2 e5 11. Nc4 d6 12. Ne3 Nf4 13. g3 Ng6 14. h4 f5 15. h5 f4 16. Ng2 fxg3 17. hxg6 gxf2+ 18. Kxf2 Bg4 19. gxh7+ Kh8 20. Re3 Bg5 21. Kg3 Qc8 22. Nxg5 Bxd1 23. Rxd1 Rf6 24. Rf3 Rxf3+ 25. Nxf3 Qe6 26. Rf1 Qg6+ 27. Kh2 Kxh7 28. Nfh4 Qg4 29. Rf2 Rh8 30. Bc1 Kg8 31. Be3 g5 32. Rf5 Rh5 33. Kg1 gxh4 34. Rxh5 Qxh5 35. Kh2 h3 0-1

[Event "EU-ch U16 Girls"]
[Site "Batumi"]
[Date "2010.09.22"]
[Round "3"]
[White "Shvayger, Yuliya"]
[Black "Langnerova, Karolina"]
[Result "1-0"]
[WhiteElo "2200"]
[BlackElo "1868"]
[PlyCount "47"]
[EventDate "2010.09.20"]
[EventType "swiss"]
[EventRounds "9"]
[EventCountry "GEO"]
[SourceTitle "CBM 138 Extra"]
[Source "ChessBase"]
[SourceDate "2010.10.29"]
[SourceVersion "1"]
[SourceVersionDate "2010.10.29"]
[SourceQuality "1"]

1. e4 c5 2. Nf3 Nc6 3. d4 cxd4 4. Nxd4 Nf6 5. Nc3 d6 6. Bg5 e6 7. Qd2 Be7 8. 0-0-0 a6 9. f3 Bd7 10. h4 b5 11. Nxc6 Bxc6 12. Ne2 0-0 13. Nd4 Bb7 14. Be3 Nd7 15. h5 Ne5 16. g4 Rc8 17. Rg1 d5 18. h6 g6 19. Bf4 Nc4 20. Bxc4 dxc4 21. Ne2 Qxd2+ 22. Rxd2 Rfd8 23. Rgd1 f6 24. Rd7 1-0

[Event "CZE-ch U16 Girls"]
[Site "Kouty nad Desnou"]
[Date "2010.03.13"]
[Round "9"]
[White "Langnerova, Karolina"]
[Black "Sabolova, Kristyna"]
[Result "1-0"]
[WhiteElo "1880"]
[BlackElo "1759"]
[PlyCount "137"]
[EventDate "2010.03.06"]
[EventType "swiss"]
[EventRounds "9"]
[EventCountry "CZE"]
[SourceTitle "EXT 2012"]
[Source "ChessBase"]
[SourceDate "2011.11.24"]
[SourceVersion "1"]
[SourceVersionDate "2011.11.24"]
[SourceQuality "1"]

1. e4 c6 2. d4 d5 3. exd5 cxd5 4. Bd3 Nf6 5. h3 Nc6 6. Nf3 e6 7. 0-0 h6 8. c3 Bd6 9. Re1 0-0 10. Ne5 Nd7 11. Qh5 Bxe5 12. dxe5 f5 13. exf6 Qxf6 14. Be3 e5 15. Nd2 Qd6 16. Rad1 Nf6 17. Qg6 Ne7 18. Qg3 Nh5 19. Qh4 Nf4 20. Nc4 Nfg6 21. Bxg6 Nxg6 22. Nxd6 Nxh4 23. Nxc8 Rfxc8 24. Rxd5 Re8 25. Bc5 b6 26. Bb4 Ng6 27. g3 Kf7 28. Rd7+ Kf6 29. Red1 Ne7 30. g4 Ng6 31. R1d6+ Re6 32. Rxe6+ Kxe6 33. Rd6+ Kf7 34. Rd7+ Kf6 35. Kg2 Nf4+ 36. Kg3 a5 37. Ba3 Rb8 38. h4 b5 39. Bc5 Rc8 40. Be3 g5 41. Rd6+ Kf7 42. hxg5 hxg5 43. Bxf4 exf4+ 44. Kf3 b4 45. cxb4 axb4 46. Rd4 Rb8 47. Ke4 Kf6 48. Rd6+ Ke7 49. Rd5 Kf6 50. Kd4 Ra8 51. Kc4 Rxa2 52. Kb3 Ra1 53. Kxb4 Rf1 54. Rd2 Ke5 55. Kc3 f3 56. b4 Kf4 57. b5 Kxg4 58. b6 Rb1 59. Rb2 Rc1+ 60. Rc2 Rb1 61. Rb2 Rc1+ 62. Kd2 Rc8 63. b7 Rb8 64. Ke3 Kh4 65. Kxf3 Kh5 66. Ke4 Kg4 67. Ke5 Kf3 68. Kd6 g4 69. Kc7 1-0

[Event "CZE/SVK-chT (Women)"]
[Site "Martin"]
[Date "2010.??.??"]
[Round "5"]
[White "Miturova, Magdalena"]
[Black "Langnerova, Karolina"]
[Result "1-0"]
[WhiteElo "2080"]
[BlackElo "1880"]
[PlyCount "63"]
[EventDate "2010.05.??"]
[EventType "team-tourn"]
[EventRounds "7"]
[EventCountry "SVK"]
[SourceTitle "EXT 2012"]
[Source "ChessBase"]
[SourceDate "2011.11.24"]
[SourceVersion "1"]
[SourceVersionDate "2011.11.24"]
[SourceQuality "1"]

1. e4 c5 2. Nf3 Nc6 3. d4 cxd4 4. Nxd4 Nf6 5. Nc3 d6 6. Bc4 e6 7. Be3 Be7 8. Qe2 a6 9. 0-0-0 0-0 10. Rhg1 Qc7 11. Bb3 b5 12. g4 Na5 13. g5 Nxb3+ 14. axb3 Nd7 15. Rg3 Nc5 16. Qh5 g6 17. Qh6 f6 18. b4 Na4 19. Nf5 exf5 20. Nd5 Qb7 21. gxf6 Bxf6 22. Nxf6+ Rxf6 23. Bd4 Qf7 24. Rdg1 f4 25. Rg5 Qg7 26. Qh4 h6 27. Bxf6 hxg5 28. Qxg5 Qf7 29. Bd4 Bb7 30. Qh6 Qh7 31. Rxg6+ Qxg6 32. Qxg6+ 1-0

[Event "CZE-chTE U20 0910"]
[Site "Czech Republic"]
[Date "2009.10.03"]
[Round "2.3"]
[White "Seidl, Stepan"]
[Black "Langnerova, Karolina"]
[Result "1-0"]
[WhiteElo "1964"]
[BlackElo "1877"]
[PlyCount "75"]
[EventDate "2009.10.03"]
[EventType "team-tourn"]
[EventRounds "7"]
[EventCountry "CZE"]
[SourceTitle "EXT 2011"]
[Source "ChessBase"]
[SourceDate "2010.11.26"]
[SourceVersion "1"]
[SourceVersionDate "2010.11.26"]
[SourceQuality "1"]
[WhiteTeam "Bedrichov (U20)"]
[BlackTeam "Havirov (U20)"]
[WhiteTeamCountry "CZE"]
[BlackTeamCountry "CZE"]

1. e4 c5 2. Nc3 Nc6 3. Nf3 g6 4. Bb5 Bg7 5. 0-0 e6 6. Bxc6 bxc6 7. e5 Qc7 8. Re1 f6 9. exf6 Nxf6 10. d3 0-0 11. Ne4 Nxe4 12. dxe4 d5 13. e5 Rf5 14. Qe2 Rb8 15. b3 Rb6 16. Ba3 c4 17. Bc5 Rb7 18. Bd6 Qa5 19. Nd4 Rf4 20. Nxc6 Qb6 21. Ne7+ Rxe7 22. Bxe7 Re4 23. Qf3 Qd4 24. Bd6 Ba6 25. Rad1 Rxe1+ 26. Rxe1 Qd2 27. Qe3 Bh6 28. Qxd2 Bxd2 29. Rb1 c3 30. Bc5 Bd3 31. cxd3 c2 32. Rf1 c1Q 33. Rxc1 Bxc1 34. Bxa7 Kf7 35. Kf1 Ke8 36. Ke2 Kd7 37. b4 Kc6 38. a4 1-0

[Event "CZE-ch U16 Girls"]
[Site "Kouty nad Desnou"]
[Date "2009.03.14"]
[Round "9"]
[White "Langnerova, Karolina"]
[Black "Kolomaznikova, Barbora"]
[Result "0-1"]
[WhiteElo "1876"]
[BlackElo "1914"]
[PlyCount "34"]
[EventDate "2009.03.07"]
[EventType "swiss"]
[EventRounds "9"]
[EventCountry "CZE"]
[SourceTitle "EXT 2011"]
[Source "ChessBase"]
[SourceDate "2010.11.26"]
[SourceVersion "1"]
[SourceVersionDate "2010.11.26"]
[SourceQuality "1"]

1. e4 e5 2. Nf3 Nf6 3. Nxe5 d6 4. Nf3 Nxe4 5. d4 d5 6. Bd3 Nc6 7. c4 Bb4+ 8. Nbd2 Bf5 9. Qe2 0-0 10. 0-0 Re8 11. Re1 Nxd2 12. Qxe8+ Qxe8 13. Rxe8+ Rxe8 14. Bxf5 Nxf3+ 15. gxf3 Nxd4 16. Bg4 Re1+ 17. Kg2 Ne2 0-1

[Event "CZE-ch U16 Girls"]
[Site "Kouty nad Desnou"]
[Date "2009.03.11"]
[Round "6"]
[White "Smrckova, Svetlana"]
[Black "Langnerova, Karolina"]
[Result "1/2-1/2"]
[WhiteElo "1467"]
[BlackElo "1876"]
[PlyCount "118"]
[EventDate "2009.03.07"]
[EventType "swiss"]
[EventRounds "9"]
[EventCountry "CZE"]
[SourceTitle "EXT 2011"]
[Source "ChessBase"]
[SourceDate "2010.11.26"]
[SourceVersion "1"]
[SourceVersionDate "2010.11.26"]
[SourceQuality "1"]

1. d4 Nf6 2. c4 g6 3. Nc3 d5 4. cxd5 Nxd5 5. e4 Nxc3 6. bxc3 Bg7 7. f4 c5 8. Bb2 0-0 9. Nf3 cxd4 10. cxd4 Bg4 11. e5 Nc6 12. Bc4 Qb6 13. Qb3 Qxb3 14. Bxb3 Rad8 15. d5 Na5 16. Bc2 Rxd5 17. Be4 Rd7 18. 0-0 Rfd8 19. h3 Be6 20. Bc3 Nc4 21. Kf2 Bd5 22. Bc2 Na3 23. Ba4 b5 24. Bb3 Nc4 25. Rfd1 Bh6 26. g3 Bxf3 27. Kxf3 Rd3+ 28. Kf2 g5 29. f5 Ne3 30. Rxd3 Rxd3 31. Bb4 Nd5 32. Bc5 a5 33. Rd1 Rxd1 34. Bxd1 Bg7 35. Bd4 Nb4 36. Be2 Nc2 37. Bb2 b4 38. Bd3 Na3 39. Ke3 a4 40. g4 Kf8 41. Kd4 e6 42. f6 Bh6 43. Kc5 b3 44. axb3 Ke8 45. Bxa3 Bf8+ 46. Kb5 Bxa3 47. bxa4 Bb2 48. Kc6 Bxe5 49. Bxh7 Bxf6 50. a5 Bd4 51. a6 Ke7 52. Kb7 f5 53. gxf5 e5 54. a7 Bxa7 55. Kxa7 Kf6 56. Kb6 e4 57. Bg8 e3 58. Bc4 Kxf5 59. Kc5 g4 1/2-1/2

[Event "Wch U14 Girls"]
[Site "Vung Tau"]
[Date "2008.10.30"]
[Round "11"]
[White "Langnerova, Karolina"]
[Black "Sop, Selen"]
[Result "0-1"]
[WhiteElo "1831"]
[BlackElo "1915"]
[PlyCount "90"]
[EventDate "2008.10.20"]
[EventType "swiss"]
[EventRounds "11"]
[EventCountry "VIE"]
[SourceTitle "EXT 2009"]
[Source "ChessBase"]
[SourceDate "2008.11.26"]
[SourceVersion "1"]
[SourceVersionDate "2008.11.26"]
[SourceQuality "1"]

1. e4 c5 2. Nf3 e6 3. d4 cxd4 4. Nxd4 a6 5. Bd3 Nf6 6. Nc3 d6 7. Be3 b5 8. Qe2 Bb7 9. a3 Qc7 10. f4 Nbd7 11. Nb3 Be7 12. 0-0 0-0 13. Bd4 e5 14. Be3 Rfe8 15. f5 Bf8 16. Qd2 Nc5 17. Nxc5 dxc5 18. Bg5 c4 19. Bxf6 cxd3 20. Bg5 f6 21. Be3 dxc2 22. Qxc2 Rac8 23. Rf3 Qc4 24. Rh3 b4 25. axb4 Bxb4 26. Qd1 Bxc3 27. bxc3 Qxe4 28. Rg3 Red8 29. Qh5 Rxc3 30. Qh6 Rd7 31. Rf1 Qc6 32. Qh5 Rf7 33. Kh1 Rxe3 34. Rg4 Rd3 35. Rg1 Rd4 36. Rg3 Rd2 37. Qh3 Re2 38. Qh4 Rc2 39. Qg4 Rc1 40. h4 Rxg1+ 41. Kxg1 Qe4 42. Qh5 Qd4+ 43. Kh2 Bd5 44. Qe2 Qxh4+ 45. Rh3 Qf4+ 0-1

[Event "Stare Mesto op"]
[Site "Stare Mesto"]
[Date "2008.08.15"]
[Round "9"]
[White "Uricar, Jakub"]
[Black "Langnerova, Karolina"]
[Result "1-0"]
[WhiteElo "2115"]
[BlackElo "1792"]
[PlyCount "41"]
[EventDate "2008.08.08"]
[EventType "swiss"]
[EventRounds "10"]
[EventCountry "CZE"]
[SourceTitle "CBM 125 Extra"]
[Source "ChessBase"]
[SourceDate "2008.09.01"]
[SourceVersion "1"]
[SourceVersionDate "2008.09.01"]
[SourceQuality "1"]

1. e4 c5 2. Nc3 Nc6 3. g3 g6 4. Bg2 Bg7 5. d3 d6 6. Be3 Nf6 7. Nh3 0-0 8. 0-0 Bg4 9. Qd2 Ne8 10. f4 Bxh3 11. Bxh3 Nc7 12. f5 b6 13. Bh6 Bd4+ 14. Kh1 Re8 15. Rf4 d5 16. Raf1 f6 17. fxg6 hxg6 18. Nxd5 Ne5 19. Nxc7 Qxc7 20. Be6+ Nf7 21. Rg4 1-0

[Event "CZE-ch U14 Girls"]
[Site "Sec u Chrudimi"]
[Date "2008.03.11"]
[Round "5"]
[White "Zpevakova, Jana"]
[Black "Langnerova, Karolina"]
[Result "0-1"]
[WhiteElo "1344"]
[BlackElo "1706"]
[PlyCount "114"]
[EventDate "2008.03.08"]
[EventType "swiss"]
[EventRounds "9"]
[EventCountry "CZE"]
[SourceTitle "EXT 2009"]
[Source "ChessBase"]
[SourceDate "2008.11.26"]
[SourceVersion "1"]
[SourceVersionDate "2008.11.26"]
[SourceQuality "1"]

1. e4 c5 2. c3 Nf6 3. e5 Nd5 4. d4 cxd4 5. Nf3 e6 6. cxd4 d6 7. exd6 Bxd6 8. Nc3 Nxc3 9. bxc3 Qc7 10. Bd2 Nd7 11. Bd3 Nf6 12. 0-0 Bd7 13. h3 Bc6 14. Re1 Bf4 15. Ne5 Bxe5 16. Rxe5 h6 17. Bf4 Qd7 18. Bg3 Rc8 19. Qd2 Bd5 20. Rc1 Bc4 21. Bxc4 Rxc4 22. f3 Nd5 23. Qb2 0-0 24. Rh5 Rfc8 25. Be5 Nxc3 26. Kh2 Na4 27. Qd2 f6 28. Rxc4 Rxc4 29. Bxf6 gxf6 30. d5 exd5 31. Rxh6 Qc7+ 32. f4 Qxf4+ 33. Qxf4 Rxf4 34. Rg6+ Kf7 35. Rh6 Kg7 36. Rh5 Nc3 37. Kg3 Ne2+ 38. Kh2 f5 39. Rg5+ Kf6 40. Rg8 d4 41. Rd8 Rf1 42. h4 f4 43. h5 Ng3 44. Kh3 Kg5 45. Rg8+ Kxh5 46. Rh8+ Kg5 47. Rg8+ Kf5 48. Rf8+ Ke5 49. Kg4 d3 50. Re8+ Kd4 51. Rd8+ Kc3 52. Rc8+ Kb2 53. Rd8 Kc2 54. Rc8+ Kd1 55. Rd8 d2 56. Rd7 Ke2 57. Re7+ Kf2 0-1

[Event "CZE-ch U14 Girls"]
[Site "Sec u Chrudimi"]
[Date "2008.03.08"]
[Round "1"]
[White "Rohovska, Tereza"]
[Black "Langnerova, Karolina"]
[Result "0-1"]
[WhiteElo "1411"]
[BlackElo "1706"]
[PlyCount "70"]
[EventDate "2008.03.08"]
[EventType "swiss"]
[EventRounds "9"]
[EventCountry "CZE"]
[SourceTitle "EXT 2009"]
[Source "ChessBase"]
[SourceDate "2008.11.26"]
[SourceVersion "1"]
[SourceVersionDate "2008.11.26"]
[SourceQuality "1"]

1. e4 c5 2. Nf3 Nc6 3. d4 cxd4 4. Nxd4 Nf6 5. Nc3 d6 6. Be3 Ng4 7. Qd2 Nxe3 8. Qxe3 Qb6 9. 0-0-0 Bd7 10. Kb1 g6 11. Nd5 Qd8 12. Qc3 e5 13. Nb5 Rc8 14. Qa3 Be6 15. Ne3 d5 16. Qa4 d4 17. Be2 Qb6 18. Ng4 Be7 19. f3 0-0 20. h4 a6 21. Na3 Nb4 22. h5 Qc5 23. hxg6 fxg6 24. Rc1 b5 25. Qa5 Bd8 26. Qxb4 Qxb4 27. Bd3 Bxg4 28. fxg4 Be7 29. Rhe1 Qa4 30. Re2 Bxa3 31. bxa3 Rc3 32. Rce1 Rxa3 33. Kc1 Rxa2 34. Kd2 Qb4+ 35. Kd1 Ra1# 0-1

[Event "Frydek Mistek BSS Cup"]
[Site "Frydek Mistek"]
[Date "2007.02.23"]
[Round "6"]
[White "Langnerova, Karolina"]
[Black "Jacko, Vladimir1111"]
[Result "0-1"]
[WhiteElo "1782"]
[BlackElo "1513"]
[PlyCount "80"]
[EventDate "2007.02.19"]
[EventType "swiss"]
[EventRounds "7"]
[EventCountry "CZE"]
[SourceTitle "EXT 2008"]
[Source "ChessBase"]
[SourceDate "2007.11.25"]
[SourceVersion "1"]
[SourceVersionDate "2007.11.25"]
[SourceQuality "1"]

1. e4 c5 2. Nf3 Nc6 3. d4 cxd4 4. Nxd4 g6 5. Nc3 Bg7 6. Be3 Nf6 7. Bc4 Qa5 8. 0-0 0-0 9. f4 d6 10. h3 Bd7 11. Qf3 a6 12. f5 Ne5 13. Qe2 Nxc4 14. Qxc4 Rac8 15. Qd3 b5 16. a3 Rc4 17. fxg6 hxg6 18. Qd2 b4 19. Nce2 Nxe4 20. Qd3 d5 21. Nf4 e5 22. axb4 Rxd4 23. bxa5 Rxd3 24. Nxd3 f5 25. Rad1 Ng3 26. Rfe1 f4 27. Bf2 Ne4 28. Nb4 Nxf2 29. Kxf2 d4 30. Nxa6 Bf5 31. Nc5 Bxc2 32. Rd2 Bf5 33. Kf3 Rc8 34. Ne4 Bf8 35. Ree2 Be7 36. Rc2 Rb8 37. Red2 Rb3+ 38. Ke2 Bxe4 39. Rc7 Re3+ 40. Kf2 Bh4+ 0-1

[Event "Frydek Mistek BSS Cup"]
[Site "Frydek Mistek"]
[Date "2007.02.21"]
[Round "4"]
[White "Sebo, Viktor"]
[Black "Langnerova, Karolina"]
[Result "1/2-1/2"]
[WhiteElo "1665"]
[BlackElo "1782"]
[PlyCount "91"]
[EventDate "2007.02.19"]
[EventType "swiss"]
[EventRounds "7"]
[EventCountry "CZE"]
[SourceTitle "EXT 2008"]
[Source "ChessBase"]
[SourceDate "2007.11.25"]
[SourceVersion "1"]
[SourceVersionDate "2007.11.25"]
[SourceQuality "1"]

1. e4 c5 2. Nf3 Nc6 3. d4 cxd4 4. Nxd4 Nf6 5. Nc3 d6 6. Be2 e6 7. 0-0 Be7 8. Be3 0-0 9. f4 a6 10. Qe1 Qc7 11. Qg3 b5 12. a3 Bb7 13. f5 Kh8 14. fxe6 Nxd4 15. Bxd4 fxe6 16. e5 dxe5 17. Bxe5 Qc5+ 18. Kh1 Rad8 19. Bd3 Bd6 20. Qh4 Qxe5 21. Rxf6 g6 22. Bxg6 Qxh2+ 23. Qxh2 Bxh2 24. Rxf8+ Rxf8 25. Bxh7 Bg3 26. Be4 Bxe4 27. Nxe4 Be5 28. c3 Kg7 29. Nc5 Rf2 30. Rb1 Kf6 31. Nxa6 Bd6 32. Kg1 Rd2 33. Nb4 Bc5+ 34. Kh2 e5 35. Kh3 e4 36. g4 e3 37. Re1 Bd6 38. Rh1 e2 39. Re1 Kg5 40. Nc6 Kf4 41. Nd4 Ke3 42. b3 Bxa3 43. Rxe2+ Rxe2 44. Nxe2 Kxe2 45. c4 bxc4 46. bxc4 1/2-1/2